| 000 | 00000nam 2200000zi 4500 |
| 001 | 9.926668 |
| 003 | CaOODSP |
| 005 | 20250117132642 |
| 006 | m o d f |
| 007 | cr |n||||||||| |
| 008 | 230828t20242024onca ob f|0| 0 fre d |
| 020 | |a9780660676944 |
| 040 | |aCaOODSP|bfre|erda|cCaOODSP |
| 043 | |an-cn--- |
| 086 | 1 |aNR24-24/1-2023F-PDF |
| 245 | 00|aGuide de l'utilisateur du Code national de l'énergie pour les bâtiments - Canada 2020 / |cpublié par la Commission canadienne des codes du bâtiment et de prévention des incendies, Conseil national de recherches du Canada. |
| 250 | |aQuatrième édition 2024. |
| 264 | 1|a[Ottawa] : |bConseil national de recherches Canada = National Research Council Canada, |c2024. |
| 264 | 4|c©2024 |
| 300 | |a1 ressource en ligne (viii, 122 pages) : |billustrations |
| 336 | |atexte|btxt|2rdacontent/fre |
| 337 | |ainformatique|bc|2rdamedia/fre |
| 338 | |aressource en ligne|bcr|2rdacarrier/fre |
| 500 | |aPublié aussi en anglais sous le titre : User's guide: National Energy Code of Canada for Buildings 2020. |
| 500 | |a« Première impression. » |
| 500 | |a«NRCC-CONST-56652F. » |
| 504 | |aComprend des références bibliographiques. |
| 650 | 6|aArchitecture et économies d'énergie|xDroit|zCanada. |
| 650 | 6|aConstructions|xÉconomies d'énergie|xDroit|zCanada. |
| 650 | 6|aArchitecture et économies d'énergie|xNormes|zCanada. |
| 650 | 6|aConstructions|xÉconomies d'énergie|xNormes|zCanada. |
| 710 | 2 |aConseil national de recherches Canada, |eorganisme de publication. |
| 775 | 08|tUser's guide : |w(CaOODSP)9.926666 |
| 776 | 0#|tGuide de l'utilisateur du code national de l'énergie pour les bâtiments - Canada.|w(CaOODSP)9.926669 |
| 795 | |tGuide de l'utilisateur du Code national de l'énergie pour les bâtiments - Canada 2017 / |w(CaOODSP)9.853712 |
| 856 | 40|qPDF|s2.36 Mo|uhttps://publications.gc.ca/collections/collection_2024/cnrc-nrc/NR24-24-1-2023-fra.pdf |